University Home | Library Home | Institutional Repository

Guine 1965 : (Record no. 196471)

MARC details
000 -LEADER
fixed length control field 00620cam9a220021700 4500
001 - CONTROL NUMBER
control field tmp15408770
003 - CONTROL NUMBER IDENTIFIER
control field UPRA
005 - DATE AND TIME OF LATEST TRANSACTION
control field 20190830120852.0
008 - FIXED-LENGTH DATA ELEMENTS--GENERAL INFORMATION
fixed length control field 950808s1965 po por u
035 ## - SYSTEM CONTROL NUMBER
System control number (Sirsi) r29154
035 ## - SYSTEM CONTROL NUMBER
System control number (UPRA)tmp15408770
040 ## - CATALOGING SOURCE
Transcribing agency UPRA
100 1# - MAIN ENTRY--PERSONAL NAME
Personal name Cesar, Am^andio.
Linkage A93476.1
245 10 - TITLE STATEMENT
Title Guine 1965 :
Remainder of title contra-ataque.
260 ## - PUBLICATION, DISTRIBUTION, ETC.
Place of publication, distribution, etc. Braga :
Name of publisher, distributor, etc. Editora Pax,
Date of publication, distribution, etc. 1965.
440 #0 - SERIES STATEMENT/ADDED ENTRY--TITLE
Title Colecc~ao Metropole e ultramar ;
Volume/sequential designation 18
Linkage S14119.1
504 ## - BIBLIOGRAPHY, ETC. NOTE
Bibliography, etc. note Bibliography: p. 227-229.
651 #0 - SUBJECT ADDED ENTRY--GEOGRAPHIC NAME
Geographic name Guinea-Bissau.
Linkage S29559.1
949 ## - LOCAL PROCESSING INFORMATION (OCLC)
a DT613
w lcc
i -31824
m MAIN
t BOOK
l ON-SHELF

No items available.

© 2026 - The University of Zambia Library - Koha v25.11